[Event "ARG-ch sf 99th"]
[Site "Buenos Aires"]
[Date "2024.06.06"]
[Round "6"]
[White "Radoszta, Armando Esteban"]
[Black "Rodriguez Caimmi, Facundo"]
[Result "1-0"]
[WhiteElo "1867"]
[BlackElo "1651"]
[PlyCount "77"]
[EventDate "2024.06.01"]
[EventType "swiss"]
[EventRounds "9"]
[EventCountry "ARG"]
[SourceTitle "CB24_2024"]
[SourceDate "2024.06.12"]
[SourceVersion "1"]
[SourceVersionDate "2024.06.12"]
[SourceQuality "1"]

1. e4 e6 2. d4 d5 3. Nd2 h6 4. Ngf3 Nf6 5. e5 Nfd7 6. Bd3 c5 7. c3 Nc6 8. 0-0 g5 9. dxc5 Bxc5 10. Nb3 Be7 11. c4 dxc4 12. Bxc4 Ndxe5 13. Qe2 Nxc4 14. Qxc4 Bf6 15. Be3 0-0 16. Rfd1 Qc7 17. h4 g4 18. Qxg4+ Kh7 19. Qh5 Bg7 20. Rac1 f6 21. Nc5 Qa5 22. Qg4 e5 23. Ne6 Rf7 24. h5 Qxa2 25. Qg6+ Kg8 26. Nxg7 Rxg7 27. Qxf6 Qf7 28. Qxh6 Bg4 29. Ng5 Qxh5 30. Rd6 Qxh6 31. Rxh6 Nd4 32. Bxd4 Rxg5 33. Be3 Rg7 34. Kf1 a6 35. f3 Bd7 36. Rc5 Re8 37. Kf2 Be6 38. Rh5 e4 39. f4 1-0

[Event "ARG-ch sf 99th"]
[Site "Buenos Aires"]
[Date "2024.06.05"]
[Round "5"]
[White "Donda, Jazmin"]
[Black "Rodriguez Caimmi, Facundo"]
[Result "0-1"]
[WhiteElo "1847"]
[BlackElo "1651"]
[PlyCount "50"]
[EventDate "2024.06.01"]
[EventType "swiss"]
[EventRounds "9"]
[EventCountry "ARG"]
[SourceTitle "CB24_2024"]
[SourceDate "2024.06.12"]
[SourceVersion "1"]
[SourceVersionDate "2024.06.12"]
[SourceQuality "1"]

1. d4 Nf6 2. c4 c5 3. d5 b5 4. cxb5 a6 5. bxa6 g6 6. Nc3 Bg7 7. a7 Rxa7 8. e4 0-0 9. Nf3 d6 10. a4 Bd7 11. Bb5 Nxe4 12. Nxe4 Bxb5 13. Bd2 Ba6 14. Bc3 Nd7 15. Bxg7 Kxg7 16. Nfd2 Ne5 17. Qc2 f5 18. Ng5 Kg8 19. Ra3 Qa8 20. Qb3 Rb8 21. Qh3 h5 22. f4 Ng4 23. Rb3 Rab7 24. Qf3 Rxb3 25. Nxb3 Bc4 0-1